[Event "Tch-CRO 1st Liga w 2017"]
[Site "Mali Losinj"]
[Date "2017.10.05"]
[Round "9.13"]
[White "Mican, Karmela"]
[Black "Grgic, Neomi"]
[Result "1-0"]
[WhiteElo "1804"]
[BlackElo "1847"]
[PlyCount "67"]
[EventDate "2017.09.28"]
[EventType "team"]
[EventRounds "9"]
[EventCountry "CRO"]

1. e4 e5 2. Nf3 Nc6 3. Bc4 Bc5 4. c3 Nf6 5. Qe2 d6 6. d3 a6 7. Bb3 Ba7 8. Nbd2
Ne7 9. h3 Ng6 10. Nf1 O-O 11. g4 d5 12. Ng3 Nf4 13. Bxf4 exf4 14. Nf5 Be6 15.
e5 Re8 16. Qd2 d4 17. Bxe6 Rxe6 18. cxd4 Nd5 19. O-O Qf8 20. Kh2 g6 21. N5h4
Qh6 22. Rg1 Re7 23. g5 Qh5 24. Rg4 c5 25. Ng2 h6 26. Nxf4 Nxf4 27. Qxf4 hxg5
28. Nxg5 cxd4 29. Re1 Qh6 30. Rh4 Qf8 31. Qf6 Qg7 32. Qxe7 Rc8 33. Qxb7 Rc2 34.
Qa8+ 1-0

[Event "Tch-CRO 1st Liga w 2017"]
[Site "Mali Losinj"]
[Date "2017.10.05"]
[Round "9.14"]
[White "Ivekovic, Zvjezdana"]
[Black "Lijic, Kristina"]
[Result "1/2-1/2"]
[WhiteElo "1681"]
[BlackElo "1717"]
[PlyCount "120"]
[EventDate "2017.09.28"]
[EventType "team"]
[EventRounds "9"]
[EventCountry "CRO"]

1. d4 d5 2. c4 e6 3. Nc3 Nf6 4. Nf3 Nbd7 5. e3 Bb4 6. a3 Bxc3+ 7. bxc3 O-O 8.
Qc2 b6 9. cxd5 exd5 10. Bd3 Bb7 11. O-O Ne4 12. c4 Ndf6 13. Ne5 dxc4 14. Nxc4
Rc8 15. f3 Nd6 16. Nxd6 Qxd6 17. a4 Qd8 18. Bf5 Ra8 19. Bb2 g6 20. Bd3 Nd5 21.
Qf2 Re8 22. e4 Nf4 23. Bc4 Qg5 24. Kh1 Rad8 25. h4 Qe7 26. g3 Nh5 27. d5 Qc5
28. Qxc5 bxc5 29. g4 Ng3+ 30. Kg2 Nxf1 31. Kxf1 c6 32. Bf6 Rd7 33. Rc1 Rc8 34.
Rb1 cxd5 35. Bb5 Rd6 36. e5 Rb6 37. Rd1 Ba6 38. Rxd5 Bxb5+ 39. axb5 Rxb5 40.
Rd7 a5 41. e6 fxe6 42. Rg7+ Kf8 43. Rxh7 Rcb8 44. Rg7 R5b7 45. Rxg6 Kf7 46. h5
Rg8 47. Rh6 Rb4 48. g5 Rf4 49. Rh7+ Ke8 50. Ke2 a4 51. Ra7 Rxf6 52. gxf6 a3 53.
Kd3 a2 54. Rxa2 Kf7 55. Ra7+ Kxf6 56. h6 Rg3 57. Kc4 Rxf3 58. h7 Rh3 59. Kxc5
Kg6 60. Kd6 Rxh7 1/2-1/2

[Event "Tch-CRO 1st Liga w 2017"]
[Site "Mali Losinj"]
[Date "2017.10.05"]
[Round "9.21"]
[White "Bulmaga, Irina"]
[Black "Voiska, Margarita"]
[Result "1-0"]
[WhiteElo "2423"]
[BlackElo "2272"]
[PlyCount "95"]
[EventDate "2017.09.28"]
[EventType "team"]
[EventRounds "9"]
[EventCountry "CRO"]

1. e4 c5 2. Nf3 Nc6 3. d4 cxd4 4. Nxd4 e5 5. Nb5 d6 6. c4 Be7 7. N1c3 a6 8. Na3
Nf6 9. Bd3 Be6 10. O-O Rc8 11. Nd5 O-O 12. Nc2 Nd7 13. b4 Bg5 14. Re1 Bxc1 15.
Rxc1 Qg5 16. Bf1 Bxd5 17. cxd5 Ne7 18. Ne3 Rxc1 19. Qxc1 Rc8 20. Qd2 Nf6 21. f3
Ne8 22. Rd1 Ng6 23. Rc1 Qd8 24. Rxc8 Qxc8 25. Qc2 Qb8 26. Kf2 Ne7 27. Ke1 g6
28. Bd3 Qa7 29. Kd2 Qb6 30. Qc3 h5 31. Qc4 Kf8 32. a4 Qd8 33. a5 Nc8 34. Qc3
Na7 35. g3 Nc7 36. f4 Nab5 37. Qb2 f6 38. f5 g5 39. Be2 g4 40. Nc2 Ke7 41. Qb3
Kd7 42. Qe3 Qh8 43. Ke1 Kc8 44. Kf2 Kd7 45. Kg2 Qc8 46. Qd2 Qb8 47. Qh6 Nc3 48.
Qg7+ 1-0

[Event "Tch-CRO 1st Liga w 2017"]
[Site "Mali Losinj"]
[Date "2017.10.05"]
[Round "9.22"]
[White "Cvitan, Ena"]
[Black "Berke, Ana"]
[Result "1-0"]
[WhiteElo "2269"]
[BlackElo "2169"]
[PlyCount "85"]
[EventDate "2017.09.28"]
[EventType "team"]
[EventRounds "9"]
[EventCountry "CRO"]

1. d4 Nf6 2. c4 e6 3. Nc3 Bb4 4. e3 b6 5. Nge2 c5 6. a3 Ba5 7. Rb1 Na6 8. Ng3
Bb7 9. f3 O-O 10. Bd3 d5 11. O-O dxc4 12. Bxc4 cxd4 13. Nb5 Bd5 14. Bd3 Nc5 15.
b4 Nxd3 16. Qxd3 Rc8 17. Qxd4 Bc4 18. Nd6 Bxf1 19. Nxc8 Bd3 20. Ne7+ Kh8 21.
Ra1 Bb5 22. Qxd8 Rxd8 23. bxa5 bxa5 24. a4 Bxa4 25. Ne2 Rd1+ 26. Kf2 Bb5 27.
Nc3 Rf1+ 28. Kg3 Bd7 29. Bb2 Rxa1 30. Bxa1 a4 31. Kf4 Ne8 32. Ne4 Nc7 33. Nd6
h6 34. Nxf7+ Kh7 35. Ke5 Nb5 36. Nd8 Na3 37. Kd6 Be8 38. Nxe6 Nc4+ 39. Kc5 Nxe3
40. Bxg7 Nxg2 41. Bf6 h5 42. Nf8+ Kh6 43. Nf5# 1-0

[Event "Tch-CRO 1st Liga w 2017"]
[Site "Mali Losinj"]
[Date "2017.10.05"]
[Round "9.23"]
[White "Bogdanic, Katarina"]
[Black "Vujnovic, Patricija"]
[Result "0-1"]
[WhiteElo "1982"]
[BlackElo "2121"]
[PlyCount "90"]
[EventDate "2017.09.28"]
[EventType "team"]
[EventRounds "9"]
[EventCountry "CRO"]

1. c4 e6 2. Nf3 d5 3. g3 Nf6 4. Bg2 d4 5. d3 c5 6. O-O Nc6 7. Na3 Bd6 8. Nc2
O-O 9. Bd2 e5 10. Rb1 a5 11. e3 Re8 12. Re1 h6 13. exd4 cxd4 14. a3 Bf5 15. Bf1
a4 16. b4 axb3 17. Rxb3 Nd7 18. Bb4 Bc7 19. Bg2 Rb8 20. Nd2 Na5 21. Qf3 Nxb3
22. Qxf5 Nxd2 23. Bxd2 Re6 24. Nb4 Ba5 25. Bh3 Nf8 26. Rxe5 Rxe5 27. Qxe5 Bc7
28. Qe4 Qe8 29. Qxd4 Be5 30. Qg4 Ng6 31. Bg2 Bb2 32. Nd5 Qe6 33. Qd1 Bxa3 34.
Ne3 Bc5 35. Bd5 Qe7 36. Be4 Bxe3 37. Bxe3 Ne5 38. Qc2 Re8 39. Qe2 Nxc4 40. Bh7+
Kxh7 41. dxc4 Qe4 42. Qa2 Rd8 43. Qe2 Rc8 44. f3 Qxc4 45. Qb2 Qd3 0-1

[Event "Tch-CRO 1st Liga w 2017"]
[Site "Mali Losinj"]
[Date "2017.10.05"]
[Round "9.24"]
[White "Ivekovic, Tihana"]
[Black "Golub, Nikolina"]
[Result "1/2-1/2"]
[WhiteElo "2111"]
[BlackElo "1897"]
[PlyCount "61"]
[EventDate "2017.09.28"]
[EventType "team"]
[EventRounds "9"]
[EventCountry "CRO"]

1. d4 Nf6 2. c4 e6 3. Nf3 Bb4+ 4. Bd2 c5 5. e3 O-O 6. Bd3 b6 7. O-O Bb7 8. Nc3
d5 9. cxd5 exd5 10. Qc2 Nbd7 11. Ne5 Re8 12. Nxd7 Qxd7 13. a3 Bxc3 14. Bxc3 c4
15. Bf5 Qc7 16. Rfe1 g6 17. Bh3 Ne4 18. g3 f5 19. f3 Nf6 20. Bg2 a5 21. a4 Re6
22. Bd2 Qd7 23. Bf1 Rc8 24. Reb1 Qc7 25. Rc1 Qd7 26. Qc3 Ne8 27. Qc2 Kf7 28.
Bh3 Kg8 29. Re1 Nf6 30. Bf1 Qc7 31. Bc3 1/2-1/2

[Event "Tch-CRO 1st Liga w 2017"]
[Site "Mali Losinj"]
[Date "2017.10.05"]
[Round "9.31"]
[White "Purgar, Ivona"]
[Black "Krivec, Jana"]
[Result "1-0"]
[WhiteElo "2159"]
[BlackElo "2270"]
[PlyCount "53"]
[EventDate "2017.09.28"]
[EventType "team"]
[EventRounds "9"]
[EventCountry "CRO"]

1. e4 e5 2. Nf3 Nc6 3. Bb5 a6 4. Ba4 Nge7 5. Nc3 d6 6. d4 b5 7. Bb3 Nxd4 8.
Nxd4 exd4 9. Ne2 c5 10. a4 Bb7 11. Ng3 Ng6 12. O-O Be7 13. f4 O-O 14. Bd5 Bxd5
15. exd5 Qd7 16. f5 Ne5 17. Nh5 f6 18. Ra3 bxa4 19. Nf4 Rf7 20. Qh5 Bf8 21. Rh3
h6 22. Ne6 Qb7 23. Rg3 Kh7 24. Rf4 Re7 25. Nxf8+ Rxf8 26. Rh4 Rh8 27. Qxh6+ 1-0

[Event "Tch-CRO 1st Liga w 2017"]
[Site "Mali Losinj"]
[Date "2017.10.05"]
[Round "9.32"]
[White "Starcevic, Andrea"]
[Black "Blazeka, Mihaela"]
[Result "0-1"]
[WhiteElo "1879"]
[BlackElo "2096"]
[PlyCount "64"]
[EventDate "2017.09.28"]
[EventType "team"]
[EventRounds "9"]
[EventCountry "CRO"]

1. c4 e6 2. Nf3 Nf6 3. g3 d5 4. cxd5 exd5 5. Bg2 Be7 6. O-O O-O 7. b3 c5 8. d4
b6 9. Bb2 Bb7 10. Nbd2 Nbd7 11. Rc1 Rc8 12. Re1 Re8 13. Nf1 Ne4 14. N3d2 Rf8
15. e3 b5 16. Nxe4 dxe4 17. Nd2 Nb6 18. Ba1 cxd4 19. exd4 Rxc1 20. Qxc1 Bg5 21.
Qc2 f5 22. Nf1 Nd5 23. Ne3 Nb4 24. Qc3 Nd3 25. Rd1 f4 26. Ng4 Qd7 27. Bh3 Kh8
28. Ne5 Qxh3 29. Nf7+ Kg8 30. Nxg5 Qg4 31. Qc7 Qxd1+ 32. Kg2 Ne1+ 0-1

[Event "Tch-CRO 1st Liga w 2017"]
[Site "Mali Losinj"]
[Date "2017.10.05"]
[Round "9.33"]
[White "Rozman, Monika"]
[Black "Tomulic, Vesna"]
[Result "1/2-1/2"]
[WhiteElo "2194"]
[BlackElo "1829"]
[PlyCount "54"]
[EventDate "2017.09.28"]
[EventType "team"]
[EventRounds "9"]
[EventCountry "CRO"]

1. e4 c6 2. d4 d5 3. Nc3 dxe4 4. Nxe4 Bf5 5. Ng3 Bg6 6. h4 h6 7. h5 Bh7 8. Nf3
Nd7 9. Bd3 Bxd3 10. Qxd3 e6 11. Bd2 Ngf6 12. O-O-O Qc7 13. Ne4 Nxe4 14. Qxe4
Nf6 15. Qe2 O-O-O 16. Kb1 Be7 17. Bc1 c5 18. dxc5 Bxc5 19. Rxd8+ Rxd8 20. Rh4
Qb6 21. Rc4 Kb8 22. Bf4+ Bd6 23. Be3 Qa6 24. Nd4 Nd5 25. a3 Nb6 26. Rc3 Qxe2
27. Nxe2 Nd5 1/2-1/2

[Event "Tch-CRO 1st Liga w 2017"]
[Site "Mali Losinj"]
[Date "2017.10.05"]
[Round "9.34"]
[White "Krajacic, Ivona"]
[Black "Blazeka, Ivana"]
[Result "0-1"]
[WhiteElo "1589"]
[BlackElo "1614"]
[PlyCount "81"]
[EventDate "2017.09.28"]
[EventType "team"]
[EventRounds "9"]
[EventCountry "CRO"]

1. d4 d5 2. Bf4 Bf5 3. Nf3 e6 4. e3 Bd6 5. Bg3 Nf6 6. Bd3 Ne4 7. Bxd6 cxd6 8.
O-O O-O 9. Nbd2 a6 10. g3 Qf6 11. Nh4 Bh3 12. Ng2 Nxd2 13. Qxd2 Qf3 14. Nh4 Qf6
15. Rfe1 g5 16. Ng2 Nc6 17. c3 Qf3 18. Bf1 Qe4 19. Qd3 Bxg2 20. Qxe4 Bxe4 21.
Be2 e5 22. Rad1 Rad8 23. Rd2 Bf5 24. Red1 Be6 25. a3 Rd7 26. Bf3 Rfd8 27. Be2
Na5 28. Bd3 Nc4 29. Bxc4 dxc4 30. d5 Bg4 31. Rc1 Rc8 32. Kg2 Re8 33. f3 Bf5 34.
e4 Bg6 35. g4 h5 36. h3 f6 37. Re2 b5 38. Rcc2 Rb7 39. Re3 a5 40. Kg3 h4+ 41.
Kf2 0-1